[Event "Rottach Egern Seniors Cup 12th"]
[Site "Rottach Egern"]
[Date "2024.04.07"]
[Round "2"]
[White "Spanton, Timothy"]
[Black "Roth, Willi"]
[Result "1-0"]
[WhiteElo "1886"]
[BlackElo "1780"]
[PlyCount "53"]
[EventDate "2024.04.06"]
[EventType "swiss"]
[EventRounds "9"]
[EventCountry "GER"]
[SourceTitle "CB16_2024"]
[SourceDate "2024.04.17"]
[SourceVersion "1"]
[SourceVersionDate "2024.04.17"]
[SourceQuality "1"]

1. e4 e5 2. Nf3 Nf6 3. Nxe5 d6 4. Nf3 Nxe4 5. d3 Nf6 6. d4 Bg4 7. h3 Bh5 8. Bd3 Nc6 9. c3 Qe7+ 10. Be3 Nd5 11. Qe2 Nxe3 12. fxe3 Bxf3 13. Qxf3 Qh4+ 14. g3 Qg5 15. h4 Qe7 16. Bb5 Kd8 17. Nd2 a6 18. Bxc6 bxc6 19. Qxc6 Qxe3+ 20. Kd1 Qxg3 21. Re1 Qg4+ 22. Kc1 Be7 23. Qxa8+ Kd7 24. Qxh8 Qxh4 25. Kc2 Qh6 26. Rxe7+ Kxe7 27. Re1+ 1-0

[Event "Rottach Egern Seniors Cup 10th"]
[Site "Rottach Egern"]
[Date "2022.03.31"]
[Round "6"]
[White "Roth, Willi"]
[Black "Schattmann, Alfred"]
[Result "0-1"]
[WhiteElo "1640"]
[BlackElo "1752"]
[PlyCount "58"]
[EventDate "2022.03.26"]
[EventType "swiss"]
[EventRounds "9"]
[EventCountry "GER"]
[SourceTitle "CBM 207 Extra"]
[Source "ChessBase"]
[SourceDate "2022.05.31"]
[SourceVersion "1"]
[SourceVersionDate "2022.05.31"]
[SourceQuality "1"]

1. Nf3 g6 2. d4 d5 3. c4 c6 4. Nc3 Bg7 5. e3 Nf6 6. c5 0-0 7. a3 Bg4 8. Be2 Bxf3 9. Bxf3 Nbd7 10. 0-0 e5 11. dxe5 Nxe5 12. Be2 Qe7 13. b4 a6 14. Bd2 Rad8 15. Rc1 h5 16. Qc2 Rd7 17. h3 Rfd8 18. f4 Nc4 19. Rf3 Nxd2 20. Qxd2 Ne4 21. Qe1 Nxc3 22. Rxc3 Bxc3 23. Qxc3 d4 24. Qb3 d3 25. Bd1 d2 26. Kf2 Rd3 27. Qc4 Qh4+ 28. Rg3 Rxe3 29. f5 Qxg3+ 0-1

[Event "Rottach Egern Seniors Cup 10th"]
[Site "Rottach Egern"]
[Date "2022.03.30"]
[Round "5"]
[White "Mayeres, Hans Christian"]
[Black "Roth, Willi"]
[Result "1-0"]
[WhiteElo "1833"]
[BlackElo "1640"]
[PlyCount "99"]
[EventDate "2022.03.26"]
[EventType "swiss"]
[EventRounds "9"]
[EventCountry "GER"]
[SourceTitle "CBM 207 Extra"]
[Source "ChessBase"]
[SourceDate "2022.05.31"]
[SourceVersion "1"]
[SourceVersionDate "2022.05.31"]
[SourceQuality "1"]

1. c4 Nf6 2. Nf3 e6 3. g3 d5 4. cxd5 exd5 5. Bg2 c6 6. 0-0 Be7 7. d4 0-0 8. Nc3 Na6 9. a3 Nc7 10. b4 a6 11. Na4 Ne6 12. Bb2 Re8 13. Rc1 h6 14. e3 Nd7 15. Re1 Ng5 16. Nd2 Bf6 17. h4 Ne6 18. Nf3 Rb8 19. Ne5 Nef8 20. Qh5 Nxe5 21. dxe5 Be7 22. Red1 Bd7 23. Rd4 Ne6 24. Rd2 a5 25. Nc5 Nxc5 26. bxc5 Qc8 27. Qd1 Be6 28. f4 Rd8 29. Qa4 Ra8 30. Kf2 Bh3 31. Qd1 Bxg2 32. Kxg2 Qf5 33. Rd4 g5 34. hxg5 hxg5 35. g4 Qe6 36. Rd3 a4 37. f5 Qh6 38. Qe2 Ra5 39. Bd4 Qf8 40. Rdc3 f6 41. e6 Rb8 42. Qc2 Rb5 43. Qd2 Ra8 44. Rh1 Raa5 45. Kf3 Bxc5 46. Qh2 Qg7 47. Qh5 Ra8 48. Bxc5 b6 49. Bd6 c5 50. e7 1-0

[Event "Rottach Egern Seniors Cup 10th"]
[Site "Rottach Egern"]
[Date "2022.03.28"]
[Round "3"]
[White "Kundt, Guenther"]
[Black "Roth, Willi"]
[Result "1/2-1/2"]
[WhiteElo "1764"]
[BlackElo "1640"]
[PlyCount "25"]
[EventDate "2022.03.26"]
[EventType "swiss"]
[EventRounds "9"]
[EventCountry "GER"]
[SourceTitle "CBM 207 Extra"]
[Source "ChessBase"]
[SourceDate "2022.05.31"]
[SourceVersion "1"]
[SourceVersionDate "2022.05.31"]
[SourceQuality "1"]

1. d4 Nf6 2. c4 d5 3. cxd5 Nxd5 4. Nc3 Nxc3 5. bxc3 e6 6. e4 Be7 7. Bd3 c5 8. Ne2 Nc6 9. Be3 cxd4 10. Nxd4 Ne5 11. Bb5+ Bd7 12. Bxd7+ Nxd7 13. 0-0 1/2-1/2

[Event "Rottach Egern Seniors Cup 10th"]
[Site "Rottach Egern"]
[Date "2022.03.27"]
[Round "2"]
[White "Roth, Willi"]
[Black "Koehler, Gerhard"]
[Result "0-1"]
[WhiteElo "1640"]
[BlackElo "2208"]
[PlyCount "48"]
[EventDate "2022.03.26"]
[EventType "swiss"]
[EventRounds "9"]
[EventCountry "GER"]
[SourceTitle "CBM 207 Extra"]
[Source "ChessBase"]
[SourceDate "2022.05.31"]
[SourceVersion "1"]
[SourceVersionDate "2022.05.31"]
[SourceQuality "1"]

1. Nf3 c5 2. e4 e6 3. d4 cxd4 4. Nxd4 a6 5. Nc3 Qc7 6. Bd3 Nf6 7. 0-0 Nc6 8. Nxc6 dxc6 9. a3 e5 10. Bg5 Be7 11. Qd2 0-0 12. Rad1 b5 13. Qc1 Be6 14. Be2 a5 15. h3 Rfe8 16. f3 Nh5 17. Kh2 Nf4 18. Bxe7 Qxe7 19. g3 Nxh3 20. f4 exf4 21. gxf4 Qh4 22. Kg2 b4 23. Nb1 Bg4 24. Bf3 Nxf4+ 0-1

[Event "Bad Wiessee Senioren Cup 8th"]
[Site "Bad Wiessee"]
[Date "2019.05.15"]
[Round "5"]
[White "Huhn, Ulrich"]
[Black "Roth, Willi"]
[Result "1-0"]
[WhiteElo "1842"]
[BlackElo "1638"]
[PlyCount "87"]
[EventDate "2019.05.11"]
[EventType "swiss"]
[EventRounds "9"]
[EventCountry "GER"]
[SourceTitle "EXT 2020"]
[Source "ChessBase"]
[SourceDate "2019.10.17"]
[SourceVersion "1"]
[SourceVersionDate "2019.10.17"]
[SourceQuality "1"]

1. d4 Nf6 2. Nc3 d5 3. Bg5 e6 4. e4 dxe4 5. Nxe4 Be7 6. Nxf6+ Bxf6 7. Bxf6 Qxf6 8. Bd3 Bd7 9. Nf3 Nc6 10. c3 0-0 11. 0-0 Rad8 12. Qe2 a6 13. Rfe1 Rfe8 14. Rad1 Ne7 15. Qe4 g6 16. Qxb7 Bc6 17. Qxc7 Bxf3 18. gxf3 Qxf3 19. Qg3 Qb7 20. Re2 a5 21. a4 Rb8 22. Bb5 Nf5 23. Qg2 Re7 24. Qxb7 Rexb7 25. Red2 Nd6 26. c4 Kf8 27. d5 exd5 28. Rxd5 Nxb5 29. Rxb5 Rxb5 30. axb5 Ke7 31. Kf1 Rb6 32. Ke2 g5 33. Ra1 Kd6 34. Rxa5 Kc5 35. Ra6 Rb7 36. Rc6+ Kb4 37. b6 Re7+ 38. Kf3 Rb7 39. c5 Rd7 40. Rc7 Rd3+ 41. Kg2 Rb3 42. b7 Ka5 43. c6 h5 44. Rc8 1-0

[Event "Bad Wiessee Senioren Cup 8th"]
[Site "Bad Wiessee"]
[Date "2019.05.12"]
[Round "2"]
[White "Roth, Willi"]
[Black "Mack, Thomas"]
[Result "0-1"]
[WhiteElo "1638"]
[BlackElo "1904"]
[PlyCount "32"]
[EventDate "2019.05.11"]
[EventType "swiss"]
[EventRounds "9"]
[EventCountry "GER"]
[SourceTitle "EXT 2020"]
[Source "ChessBase"]
[SourceDate "2019.10.17"]
[SourceVersion "1"]
[SourceVersionDate "2019.10.17"]
[SourceQuality "1"]

1. c4 e5 2. g3 f5 3. Nc3 Nf6 4. Bg2 d6 5. d3 Be7 6. Nf3 0-0 7. 0-0 Qe8 8. a3 a5 9. Bd2 Qh5 10. e4 fxe4 11. Nxe4 Nxe4 12. dxe4 Bg4 13. Qb3 Bxf3 14. Qxb7 Bxg2 15. Qxa8 Qh3 16. Rfe1 Bf3 0-1

[Event "Bad Wiessee Seniors op"]
[Site "Bad Wiessee"]
[Date "2012.04.27"]
[Round "7"]
[White "Rabinovych, Myron"]
[Black "Roth, Willi"]
[Result "1/2-1/2"]
[WhiteElo "1569"]
[BlackElo "1456"]
[PlyCount "84"]
[EventDate "2012.04.21"]
[EventType "swiss"]
[EventRounds "9"]
[EventCountry "GER"]
[SourceTitle "EXT 2015"]
[Source "ChessBase"]
[SourceDate "2014.11.20"]
[SourceVersion "1"]
[SourceVersionDate "2014.11.20"]
[SourceQuality "1"]

1. e4 e5 2. Nf3 Nf6 3. Nc3 Nc6 4. Bc4 h6 5. 0-0 d6 6. h3 Be6 7. Bxe6 fxe6 8. d4 exd4 9. Nxd4 Nxd4 10. Qxd4 Qd7 11. e5 dxe5 12. Qxe5 0-0-0 13. Re1 Re8 14. Qa5 Kb8 15. Bf4 Bd6 16. Nb5 a6 17. Nxd6 cxd6 18. Rad1 Nd5 19. Bh2 Qc6 20. Qd2 Ka8 21. b3 Nc3 22. Ra1 d5 23. Qf4 Rhf8 24. Qg4 Qb6 25. Bg3 g5 26. Re3 Ne4 27. Rae1 Nxg3 28. Qxg3 Rf4 29. Kh2 Ref8 30. Rxe6 Qxf2 31. Qxf2 Rxf2 32. Re8+ Ka7 33. Rxf8 Rxf8 34. Kg3 Rf6 35. Re5 Rc6 36. Re2 Kb6 37. Rd2 Kc5 38. a3 d4 39. Kg4 Kd5 40. Kf5 Rc3 41. Re2 Re3 42. Rd2 Rc3 1/2-1/2